000
00332nam a2200133Ia 4500
008
231017s9999 xx 000 0 und d
082
_a
620.1
082
_b
ROB
245
0
_a
TCRP Web-Only Document 37: Rail Base Corrosion Detection and Prevention - Mar 2007
245
0
_c
TRB
260
_b
TRB
300
_c
30cm
942
_c
REP
999
_c
603909
_d
603909